| 000 | 00557nac a22001811u 4500 | ||
|---|---|---|---|
| 020 | _a8121901324 | ||
| 082 |
_a621.8 _bKHU |
||
| 090 |
_c9069 _d9069 |
||
| 100 | _aKhurmi, R. S. | ||
| 245 |
_aTheory of machines/ _cR. S. Khurmi and J. K. Gupta |
||
| 260 |
_aNew Delhi: _bEurasia Publishing House, 1996 _c1996 |
||
| 300 |
_a1007p.: _bill.; _c24 cm. |
||
| 500 | _aDistributer: Al-Ahram | ||
| 511 | _acatalogued by: wessam | ||
| 650 | _aMechanical engineering | ||
| 700 | _aGupta, J. K. | ||
| 942 |
_cBB _k621.8KHU |
||
| 999 |
_c9069 _d9069 |
||